LEADER 01266nam a2200277 u 4500 001 000000078107 003 CaOOAMICUS 005 20070226123408.0 008 040324s1857 fr acf u000 u fre u 035 $a10988139 040 $aPUL(R)$bita 100 1 $aBousquet, Casimir.$0(OLS)http://pul/name/51973 245 13$aLa Major, cathédral de Marseille /$cpar Casimir Bousquet .. 260 $aMarseille :$bM. Olive ;$aParis :$bPoulet-Malassis et De Broise,$c1857. 300 $avi, 681 p., [4] c. di tav. (alcune pieg.) :$bant. (ritr.), ill. ;$c21 cm 490 1 $aMonographies marseillaises 504 $aBibliografia in nota. 650 4$aChiese$zFrancia.$0(OLS)http://pul/subject/24754 651 4$aMarsiglia$xAntichità.$0(OLS)http://pul/subject/38095 830 0$aMonographies marseillaises.$0(OLS)http://pul/title/102366 850 $aPUL 852 $aPUL$W1$xDP1 Antico 800$y27$m143 E 33$j100219$nBK-PRI$b $qStampati Antico$B100219$CPULBib$Z2$F100219 $H $81 941 1 $a15 996 $6245$aLa Major, cathédral de Marseille$9(OLS)http://pul/title/102365 996 $6260$aMarseille :$bM. Olive$9(OLS)http://pul/publisher/49596 996 $6260$aParis :$bPoulet-Malassis et De Broise$9(OLS)http://pul/publisher/75339 LEADER 01734nam a2200265 u 4500 001 000000087783 003 CaOOAMICUS 005 20070226124437.0 008 051019s1944 quca u000 u fre u 035 $a11064801 040 $aPUL(R)$bita 245 00$aAux petits du royaume :$bessai pratique de méthodologie catéchistique /$cpar une religieuse de l'Assomption de la S.V. 260 $aTrois-Rivières, Québec :$bEd. du bien public,$c1944. 300 $a6 v. :$bill. ;$c21 cm 650 4$aCatechismo$xStudio e insegnamento.$0(OLS)http://pul/subject/1222 850 $aPUL 852 $aPUL$W1$xDP1 Fondo Pastorale$y55$mP3 F 55-60$j111255$nBK-PRI$b $qFondi$B111255$CPULBib$Z2$F111255 $H $81 852 $aPUL$W1$xDP1 Fondo Pastorale$y55$mP3 F 55-60$j111255$nBK-PRI$b $qFondi$B111256$CPULBib$Z2$F111256 $H $81 852 $aPUL$W1$xDP1 Fondo Pastorale$y55$mP3 F 55-60$j111255$nBK-PRI$b $qFondi$B111257$CPULBib$Z2$F111257 $H $81 852 $aPUL$W1$xDP1 Fondo Pastorale$y55$mP3 F 55-60$j111255$nBK-PRI$b $qFondi$B111258$CPULBib$Z2$F111258 $H $81 852 $aPUL$W1$xDP1 Fondo Pastorale$y55$mP3 F 55-60$j111255$nBK-PRI$b $qFondi$B111259$CPULBib$Z2$F111259 $H $81 852 $aPUL$W1$xDP1 Fondo Pastorale$y55$mP3 F 55-60$j111255$nBK-PRI$b $qFondi$B111260$CPULBib$Z2$F111260 $H $81 941 1 $a1 996 $6245$aAux petits du royaume :$bessai pratique de méthodologie catéchistique$9(OLS)http://pul/title/113536 996 $6260$aTrois-Rivières, Québec :$bEd. du bien public$9(OLS)http://pul/publisher/77762 LEADER 01308nam a2200301 a 4500 001 000000172415 003 CaOOAMICUS 005 20190725180459.0 008 190725s2019 it d 001 u ita r 020 $a978-88-921-1938-3 032 $aLibriCat 040 $aPUL$bita 082 14$a342.45 100 1 $aGroppi, Tania.$0(OLS)http://pul/name/28305 245 10$aIntroduzione allo studio del diritto pubblico e delle sue fonti / $cTania Groppi, Andrea Simoncini . 250 $aQuarta edizione. 260 $aTorino :$bGiappichelli,$c©2019. 300 $aXV, 388 p. :$bgrafici ;$c24 cm. 650 4$aDiritto pubblico$zItalia$xManuali, trattati, ecc.$0(OLS)http://pul/subject/13308 700 1 $aSimoncini, Andrea.$0(OLS)http://pul/name/81392 850 $aPUL 852 $aPUL$W1$xSL Diritto e Scienze Sociali 3$y79$m342. 45 GROTA 3$j196336$bRistampa aggiornata$qDDC 21$B201101$CPULBib$Z2$F201101 $H133221 $82 941 1 $a9 996 $6020$a978-88-921-1938-3$9(OLS)http://pul/number/166497 996 $6082$a342.45$9(OLS)http://pul/classification/377 996 $6245$aIntroduzione allo studio del diritto pubblico e delle sue fonti / $9(OLS)http://pul/title/196578 996 $6260$aTorino :$bGiappichelli$9(OLS)http://pul/publisher/48244